Trestný poriadok do vrecka

Bibliographic Details
Corporate Author: Slovensko (Author)
Format: Book
Language:Slovak
PhysicalDescription:271 s. 15 cm
Published: Bratislava Epos 2010
ISBN:9788080578497
Edition:[1. vyd.]
Subjects:

MARC

LEADER 00000cam a2200000 a 4500
001 vtls010091930
003 SK-MaSNL
005 20260426012155.0
008 240226s2010 xo f l 0 0 0 slo
015 |a SNBI2010/03-01776 
020 |a 9788080578497  |q (brož.) 
035 |a urn:nbn:sk:snk-am00djsc 
035 |a urn:nbn:sk:snk-am3i4i6 
035 |a 2E516338-4F1A-4230-B744-706C0E9E0C51 
040 |a SNK  |b slo  |c SNK  |e AACR2 
041 |a slo 
043 |a e-xo--- 
044 |a xo  |c SK 
072 7 |a 343  |x Trestné právo  |2 konspekt 
080 |a 343.13  |2 2001 
080 |a (437.6)  |2 2001 
080 |a (094.5)  |2 2001 
110 1 |a Slovensko  |4 aut  |9 266955 
240 1 0 |a Trestný poriadok (2005, novela 2009) 
245 1 0 |a Trestný poriadok do vrecka 
250 |a [1. vyd.] 
260 |a Bratislava  |b Epos  |c 2010 
300 |a 271 s.  |c 15 cm 
650 0 7 |a trestné konanie  |2 SNKPH  |9 2380 
650 0 7 |a Criminal procedure  |2 SNKPHeng  |9 311614 
651 7 |a Slovensko  |2 SNKPH  |9 14231 
651 7 |a Slovakia  |2 SNKPHeng  |9 92630 
655 7 |a zákony  |2 SNKPH  |9 70186 
655 7 |a Laws  |2 SNKPHeng  |9 266957 
655 7 |a príručky  |2 SNKPH  |9 74364 
852 |a Štátna vedecká knižnica v Banskej Bystrici 
919 |a 978-80-8057-849-7 
999 |c 1090657  |d 1092587 
952 |a SNK  |b SNK  |y PREZ  |7 0  |p 17A0658870  |o snkSE 11979  |i snk2010/10228  |8 0  |0 0  |1 0  |4 0  |d 2010-05-18  |f 1  |l 0  |r 2026-02-24 16:55:52  |w 2026-02-24 
952 |a SNK  |b SNK  |y VYP  |7 0  |p 17A0658869  |o snkSE 11979 D1  |i snk2010/10229  |8 0  |0 0  |1 0  |4 0  |d 2010-05-18  |l 0  |r 2026-02-24 16:55:52  |w 2026-02-24